000 00428cam a2200169ua 4500
001 5970
008 131030n xxk |||gr||||Z||||||eng
040 _cMAIN
082 _a940
100 _aSouthgate,George W.,
_eAuthor.
245 _aEurope :
_b1870-1945 /
_cby George W. Southgate .
260 _aLondon:
_bJ.M.Dent & Sons Ltd,
_c1961.
300 _ax,347p.
653 _aHistory of Europe
653 _aEurope
942 _cBK
999 _c5124
_d5124